Mariano Marcos State University

University Library System

Metabolism of antiepileptic drugs / (Record no. 29112)

MARC details
000 -LEADER
fixed length control field 00755nam a22002057a 4500
005 - DATE AND TIME OF LATEST TRANSACTION
control field 20260507152122.0
008 - FIXED-LENGTH DATA ELEMENTS--GENERAL INFORMATION
fixed length control field 260507b |||||||| |||| 00| 0 eng d
020 ## - INTERNATIONAL STANDARD BOOK NUMBER
International Standard Book Number 0881670006 Hb. Bp.
040 ## - CATALOGING SOURCE
Original cataloging agency MMSU
Transcribing agency ULS
Modifying agency ULS
050 ## - LIBRARY OF CONGRESS CALL NUMBER
Classification number RM 322 M47 1984 CHS
245 ## - TITLE STATEMENT
Title Metabolism of antiepileptic drugs /
Statement of responsibility, etc. editors Rene H. Levy, William H. Pitlick, Michael Eichelbaum, Jaap Maijer.
260 ## - PUBLICATION, DISTRIBUTION, ETC.
Place of publication, distribution, etc. New York :
Name of publisher, distributor, etc. Raven Press,
Date of publication, distribution, etc. 1984.
300 ## - PHYSICAL DESCRIPTION
Extent xvi, 245 pages :
Other physical details illustrations ;
Dimensions 25 cm.
500 ## - GENERAL NOTE
General note Includes index.
650 ## - SUBJECT ADDED ENTRY--TOPICAL TERM
Topical term or geographic name entry element Anticonvulsants--metabolism.
650 ## - SUBJECT ADDED ENTRY--TOPICAL TERM
Topical term or geographic name entry element Anticonvulsants-- physiological effect.
650 ## - SUBJECT ADDED ENTRY--TOPICAL TERM
Topical term or geographic name entry element Pharmacokinetics.
650 ## - SUBJECT ADDED ENTRY--TOPICAL TERM
Topical term or geographic name entry element Drug interactions.
942 ## - ADDED ENTRY ELEMENTS (KOHA)
Source of classification or shelving scheme
Koha item type Books
Holdings
Withdrawn status Lost status Source of classification or shelving scheme Damaged status Not for loan Home library Current library Shelving location Date acquired Source of acquisition Total Checkouts Full call number Barcode Date last seen Price effective from Koha item type
          MMSU College of Health Sciences MMSU College of Health Sciences Circulation 05/07/2026 Donation   RM 322 M47 1984 CHS 41775 05/07/2026 05/07/2026 Books

© 2023 Mariano Marcos State University. All Rights Reserved.

Powered by Koha